La educación superior en América Latina : (Record no. 86371)

MARC details
000 -CABECERA
campo de control de longitud fija 00749nam a22002053a 4500
005 - FECHA Y HORA DE LA ÚLTIMA TRANSACCIÓN
campo de control 20251128063955.0
008 - ELEMENTOS DE LONGITUD FIJA--INFORMACIÓN GENERAL
campo de control de longitud fija 011002s1994 ea r 000 0 spa d
020 ## - NÚMERO INTERNACIONAL NORMALIZADO PARA LIBROS
Número Internacional Estándar del Libro 0821328573
035 ## - NÚMERO DE CONTROL DEL SISTEMA
Número de control de sistema UPN01000112463
049 ## - COLECCIÓN
Colección CG
050 #4 - SIGNATURA TOPOGRÁFICA DE LA BIBLIOTECA DEL CONGRESO
Número de clasificación LA541
Número de documento/Ítem W4.48
100 1# - ASIENTO PRINCIPAL--NOMBRE PERSONAL
Nombre de persona Winkler, Donald R.
245 13 - MENCIÓN DE TÍTULO
Título La educación superior en América Latina :
Resto del título cuestiones sobre eficiencia y equidad /
Mención de responsabilidad, etc. Donald R. Winkler.
260 ## - PUBLICACIÓN, DISTRIBUCIÓN, ETC.
Lugar de publicación, distribución, etc. Washington :
Nombre del editor, distribuidor, etc. Banco Internacional de Reconstrucción y Fomento :
-- Banco Mundial,
Fecha de publicación, distribución, etc. c1994.
300 ## - DESCRIPCIÓN FÍSICA
Extensión xiv, 147 p.
440 #0 - MENCIÓN DE SERIE/ASIENTO SECUNDARIO--TÍTULO
Título Documentos para discusión del Banco Mundial ;
Designación de volumen o secuencia 775
650 #4 - ASIENTO SECUNDARIO DE MATERIA - TERMINO TEMATICO
Término de materia o nombre geográfico como elemento de entrada Educación superior
Subdivisión geográfica América Latina
9 (RLIN) 5753
650 #4 - ASIENTO SECUNDARIO DE MATERIA - TERMINO TEMATICO
Término de materia o nombre geográfico como elemento de entrada Educación superior y Estado
Subdivisión geográfica América Latina
9 (RLIN) 5952
905 ## - TIPO DE MATERIAL
Tipo de material Libro
Holdings
Estado de retiro Estado de pérdida Fuente del sistema de clasificación o colocación Estado dañado No para préstamo Código de colección Localización permanente Ubicación/localización actual Ubicación en estantería Total de préstamos Clasificación Código de barras Fecha visto por última vez Número de copia Tipo de ítem Koha
    Library of Congress Classification     Colección General Bib. Gregorio Torres Quintero Bib. Gregorio Torres Quintero Planta baja 5 LA541 W4.48 186332 31/12/2020 1 Libro
    Library of Congress Classification     Colección General Bib. Gregorio Torres Quintero Bib. Gregorio Torres Quintero Planta baja 7 LA541 W4.48 186331 31/12/2020 1 Libro
    Library of Congress Classification     Colección General Bib. Gregorio Torres Quintero Bib. Gregorio Torres Quintero Planta baja 4 LA541 W4.48 176420 31/12/2020 1 Libro
    Library of Congress Classification     Colección General Bib. Gregorio Torres Quintero Bib. Gregorio Torres Quintero Planta baja 5 LA541 W4.48 172548 31/12/2020 1 Libro
    Library of Congress Classification     Colección General Bib. Gregorio Torres Quintero Bib. Gregorio Torres Quintero Planta baja 1 LA541 W4.48 172549 31/12/2020 1 Libro